000
00301nam a2200157Ia 4500
100
_a
Madisetti/Vijay K
650
_a
DSP
250
_a
2
942
_c
RB
366
_f
20
654
_a
dsp
245
_a
Digital signal processing Handbook
260
_b
CRC
082
_b
MAD
546
_a
ENGLISH
999
_c
25880
_d
25880